Movies Quiz

Random Movies or Oscar Quiz

Clickable Characters: 60s Best Actress nominees Quiz Stats

Quiz not verified by Sporcle

Challenge
Share
Tweet
Embed
Score 0/50 Timer 13:00
0 Plays Today
% Correct
Holly Golightly
100%
Irma La Douce
97.3%
Molly Brown
97.3%
Bonnie Parker
97.3%
Mrs. Robinson
97.3%
Fanny Brice
97.3%
Isadora Duncan
97.3%
Jean Brodie
97.3%
Anne Boleyn
97.3%
Mary Poppins
94.6%
Maria von Trapp
94.6%
Eleanor of Aquitaine
94.6%
Rachel Cameron
94.6%
Annie Sullivan
91.9%
Baby Jane Hudson
91.9%
Georgina 'Georgy' Parkin
91.9%
Martha
86.5%
Eleanor Roosevelt
81.1%
Christina Drayton
62.2%
Fran Kubelik
59.5%
Gloria Wandrous
54.1%
Cesira
51.4%
Susy Hendrix
51.4%
Alma Brown
48.6%
Filumena Marturano
45.9%
% Correct
Diana Scott
45.9%
La Contessa
43.2%
Mary Ann 'Pookie' Adams
40.5%
Mary Cavan Tyrone
37.8%
Alexandra Del Lago
37.8%
Selina D'Arcy
35.1%
Anne Gauthier
35.1%
Ilya
32.4%
Wilma Dean Loomis
32.4%
Gloria Beatty
29.7%
Kirsten Arnesen Clay
27%
Rozalie Lautmann
24.3%
Alma Winemiller
21.6%
Nettie Cleary
21.6%
Margaret Hammond
16.2%
Sarah Packard
13.5%
Angie Rossini
13.5%
Myra Savage
13.5%
Miranda Grey
13.5%
Maggie Ross
10.8%
Jo Armitage
8.1%
Mary Wilson
8.1%
Ida Carmody
5.4%
Jane Fossett
5.4%
Leonie Delt
5.4%

You're not logged in!

Compare scores with friends on all Sporcle quizzes.
Join for Free
OR
Log In

You Might Also Like...

Show Comments

Extras

Top Quizzes Today


Score Distribution

Your Account Isn't Verified!

In order to create a playlist on Sporcle, you need to verify the email address you used during registration. Go to your Sporcle Settings to finish the process.

Report this User

Report this user for behavior that violates our Community Guidelines.

Details: